000 00335nam a2200145Ia 4500
008 230312s9999||||xx |||||||||||||| ||und||
020 _a0-324-78645-3
082 _a004
_bVER-D
100 _aVermaat;Shelly
245 0 _aDiscovering Computers 2010
260 _bCource
_aUSA
_c2009
300 _a830
650 _aComputer
942 _cBK
999 _c4596
_d4596